Sahih Muslim Shareef Mah Mukhtasar ....../ Vol - 1 -3 (Record no. 534088)
[ view plain ]
| 000 -LEADER | |
|---|---|
| fixed length control field | 00388nam a22001337a 4500 |
| 040 ## - CATALOGING SOURCE | |
| Transcribing agency | MSOHAIL |
| 082 ## - DEWEY DECIMAL CLASSIFICATION NUMBER | |
| Classification number | 297.1243 |
| 100 ## - MAIN ENTRY--PERSONAL NAME | |
| Personal name | Allama Waheed-Uz-Zaman |
| 9 (RLIN) | 28217 |
| 245 ## - TITLE STATEMENT | |
| Title | Sahih Muslim Shareef Mah Mukhtasar ....../ Vol - 1 -3 |
| Statement of responsibility, etc. | علامہ وحید الزماں |
| 250 ## - EDITION STATEMENT | |
| Edition statement | Vol - 1 -3 |
| 260 ## - PUBLICATION, DISTRIBUTION, ETC. | |
| Place of publication, distribution, etc. | Lahore |
| Name of publisher, distributor, etc. | Maktaba Islamia |
| Date of publication, distribution, etc. | c2006 |
| 300 ## - PHYSICAL DESCRIPTION | |
| Extent | 819;p ; 730 ; 936 |
| 942 ## - ADDED ENTRY ELEMENTS (KOHA) | |
| Source of classification or shelving scheme | |
| Koha item type | Book |
| Withdrawn status | Lost status | Source of classification or shelving scheme | Damaged status | Not for loan | Permanent Location | Current Location | Date acquired | Total Checkouts | Full call number | Barcode | Date last seen | Date last checked out | Price effective from | Koha item type | Checked out |
|---|---|---|---|---|---|---|---|---|---|---|---|---|---|---|---|
| School of Civil and Environmental Engineering (SCEE) | School of Civil and Environmental Engineering (SCEE) | 01/30/2020 | 1 | 297.1243 | NIT-9597 | 07/01/2024 | 08/25/2023 | 01/30/2020 | Book | ||||||
| School of Civil and Environmental Engineering (SCEE) | School of Civil and Environmental Engineering (SCEE) | 01/30/2020 | 1 | 297.1243 | NIT-9598 | 09/17/2025 | 07/01/2024 | 01/30/2020 | Book | ||||||
| School of Civil and Environmental Engineering (SCEE) | School of Civil and Environmental Engineering (SCEE) | 01/30/2020 | 2 | 297.1243 | NIT-9599 | 03/12/2025 | 03/12/2025 | 01/30/2020 | Book | 03/27/2025 |
